Muebles de estilo español desde el gótico hasta el siglo XIX con el mueble popular (Record no. 7532)

MARC details
000 -CABECERA
campo de control de longitud fija 00804nam a2200241 a 4500
001 - NÚMERO DE CONTROL
campo de control BRCA_7858
005 - FECHA Y HORA DE LA ÚLTIMA TRANSACCIÓN
campo de control 20190320210028.0
008 - DATOS DE LONGITUD FIJA--INFORMACIÓN GENERAL
campo de control de longitud fija 191113s1965----sp-a######---#000-0#spa-#
041 ## - CÓDIGO DE LENGUA
Código de lengua del texto/banda sonora o título independiente spa
044 ## - CÓDIGO DEL PAÍS DE LA ENTIDAD EDITORA/PRODUCTORA
Código MARC del país sp
050 #4 - SIGNATURA TOPOGRÁFICA DE LA BIBLIOTECA DEL CONGRESO
Número de clasificación NK2599
Número de documento/Ítem .C66 1965
100 1# - ENTRADA PRINCIPAL--NOMBRE DE PERSONA
Nombre de persona Contreras y López de Ayala, Juan de
Títulos y otros términos asociados al nombre Marqués de Lozoya
Fechas asociadas al nombre 1893-1978
9 (RLIN) 18530
245 10 - MENCIÓN DE TÍTULO
Título Muebles de estilo español desde el gótico hasta el siglo XIX con el mueble popular
Mención de responsabilidad, etc. texto del Marqués de Lozoya ; selección de ilustraciones por José Claret Rubira.
250 ## - MENCIÓN DE EDICIÓN
Mención de edición 2
260 ## - PUBLICACIÓN, DISTRIBUCIÓN, ETC.
Lugar de publicación, distribución, etc. Barcelona
Nombre del editor, distribuidor, etc. G. Gili
Fecha de publicación, distribución, etc. 1965
300 ## - DESCRIPCIÓN FÍSICA
Extensión 451 p.
Otras características físicas il., 408 láminas
Dimensiones 31 cm.
500 ## - NOTA GENERAL
Nota general Y84
650 14 - PUNTO DE ACCESO ADICIONAL DE MATERIA--TÉRMINO DE MATERIA
Término de materia o nombre geográfico como elemento de entrada Muebles españoles
9 (RLIN) 19449
650 14 - PUNTO DE ACCESO ADICIONAL DE MATERIA--TÉRMINO DE MATERIA
Término de materia o nombre geográfico como elemento de entrada Muebles
Subdivisión general Historia
9 (RLIN) 4173
700 1# - PUNTO DE ACCESO ADICIONAL--NOMBRE DE PERSONA
Nombre de persona Claret Rubira, José
9 (RLIN) 4457
902 ## - CATALOGADOR
Iniciales GFM
942 ## - ELEMENTOS DE PUNTO DE ACCESO ADICIONAL (KOHA)
Fuente del sistema de clasificación o colocación Library of Congress Classification
Tipo de ítem Koha Libros
Holdings
Estado de retiro Estado de pérdida Estado dañado No para préstamo Localización permanente Ubicación/localización actual Fecha de adquisición Número de inventario Total de préstamos Signatura topográfica completa Código de barras Fecha visto por última vez Precio válido a partir de Tipo de ítem Koha
El ejemplar forma parte de la colección y puede ser consultado según las políticas vigentes.       Biblioteca del Museo Franz Mayer (Rogerio Casas-Alatriste) Biblioteca del Museo Franz Mayer (Rogerio Casas-Alatriste) 11/11/2013 Y84   NK2599 .C66 1965 (Y84) 8469 22/03/2019 22/03/2019 Libros